[Event "FRM-chT2 20th"]
[Site "Andrijevica"]
[Date "2011.09.25"]
[Round "7"]
[White "Rasovic, Uros"]
[Black "Kovacevic, Nikola"]
[Result "0-1"]
[WhiteElo "1957"]
[BlackElo "2083"]
[PlyCount "62"]
[EventDate "2011.09.09"]
[EventType "team"]
[EventRounds "7"]
[EventCountry "MNE"]
[SourceTitle "CBM 144 Extra"]
[Source "ChessBase"]
[SourceDate "2011.10.28"]
[SourceVersion "1"]
[SourceVersionDate "2011.10.28"]
[SourceQuality "1"]

1. e4 c5 2. Nf3 d6 3. d4 cxd4 4. Qxd4 e6 5. Nc3 Nc6 6. Bb5 Bd7 7. Qd3 Qc7 8. Bf4 a6 9. Ba4 Rd8 10. 0-0-0 Nb4 11. Bxd7+ Rxd7 12. Qd2 Nf6 13. Kb1 Be7 14. g4 0-0 15. h4 Rc8 16. a3 Nc6 17. g5 Ne8 18. Nd4 Rdd8 19. Nxc6 Qxc6 20. Be3 b5 21. Qd3 Rb8 22. Ne2 b4 23. Nd4 Qd7 24. axb4 Rxb4 25. Qxa6 Rdb8 26. b3 Ra4 27. Qc6 Qa7 28. Kc1 Ra2 29. Qc4 d5 30. exd5 Bb4 31. Nb5 Ra1+ 0-1

[Event "FRM-chT2 20th"]
[Site "Andrijevica"]
[Date "2011.09.11"]
[Round "4"]
[White "Jeknic, Velimir"]
[Black "Rasovic, Uros"]
[Result "1-0"]
[WhiteElo "1884"]
[BlackElo "1957"]
[PlyCount "83"]
[EventDate "2011.09.09"]
[EventType "team"]
[EventRounds "7"]
[EventCountry "MNE"]
[SourceTitle "CBM 144 Extra"]
[Source "ChessBase"]
[SourceDate "2011.10.28"]
[SourceVersion "1"]
[SourceVersionDate "2011.10.28"]
[SourceQuality "1"]

1. e4 c5 2. c3 d6 3. d4 Nf6 4. Bd3 g6 5. Ne2 Bg7 6. f3 Nc6 7. Be3 cxd4 8. Nxd4 d5 9. Nxc6 bxc6 10. e5 Nd7 11. f4 f6 12. e6 Nf8 13. f5 Nxe6 14. fxe6 Bxe6 15. Qe2 Bd7 16. Bc5 Kf7 17. 0-0 Re8 18. Nd2 e5 19. Rad1 f5 20. Bc2 Kg8 21. Qf2 Qc7 22. Bb3 Kh8 23. Nf3 h6 24. Nh4 Re6 25. Bc2 Rf6 26. Qg3 Be8 27. Rde1 Re6 28. Nf3 f4 29. Qg4 Bf7 30. Nh4 g5 31. Nf5 Rae8 32. h4 h5 33. Qxg5 Bf6 34. Qh6+ Kg8 35. Nd4 e4 36. Nxe6 Rxe6 37. Qxf4 Qa5 38. Qb8+ Kh7 39. Qxa7 Qxa7 40. Bxa7 Kg6 41. g3 Be5 42. Kg2 1-0

[Event "FRM-chT2 20th"]
[Site "Andrijevica"]
[Date "2011.09.09"]
[Round "1"]
[White "Radojevic, Sasa"]
[Black "Rasovic, Uros"]
[Result "0-1"]
[WhiteElo "2015"]
[BlackElo "1957"]
[PlyCount "105"]
[EventDate "2011.09.09"]
[EventType "team"]
[EventRounds "7"]
[EventCountry "MNE"]
[SourceTitle "CBM 144 Extra"]
[Source "ChessBase"]
[SourceDate "2011.10.28"]
[SourceVersion "1"]
[SourceVersionDate "2011.10.28"]
[SourceQuality "1"]

1. e4 c5 2. Nf3 d6 3. d4 cxd4 4. Nxd4 Nf6 5. Nc3 a6 6. Be2 e5 7. Nb3 Be6 8. Be3 Nbd7 9. 0-0 Qc7 10. f4 Be7 11. fxe5 Nxe5 12. Nd5 Bxd5 13. exd5 0-0 14. Rc1 b5 15. Bf3 Nfd7 16. Be4 g6 17. Qe1 Qc4 18. Bh6 Rfe8 19. Rf4 Bf8 20. Qh4 Bxh6 21. Qxh6 Ng4 22. Rxg4 Rxe4 23. Rxe4 Qxe4 24. Qd2 Nf6 25. c3 Re8 26. Nd4 Nxd5 27. Nf3 Qe3+ 28. Qxe3 Nxe3 29. Re1 Kf8 30. h3 Nc4 31. Rxe8+ Kxe8 32. b3 Nb6 33. Ng5 h6 34. Ne4 Ke7 35. Kf2 Ke6 36. Ke3 Ke5 37. Kd3 Nd5 38. g3 Nf6 39. Nd2 Nh5 40. Nf1 d5 41. a3 Nf6 42. Ne3 h5 43. c4 dxc4+ 44. bxc4 Ne4 45. Nd5 Nd6 46. Nb4 Nxc4 47. a4 Nb2+ 48. Ke3 Nxa4 49. Nxa6 Nb6 50. Kd3 Nd5 51. Nc5 Nf4+ 52. Ke3 Nxh3 53. Nd3+ 0-1

[Event "Podgorica op"]
[Site "Podgorica"]
[Date "2010.12.15"]
[Round "6"]
[White "Rasovic, Uros"]
[Black "Djukanovic, Sreten"]
[Result "1/2-1/2"]
[WhiteElo "1959"]
[BlackElo "2307"]
[PlyCount "80"]
[EventDate "2010.12.11"]
[EventType "swiss"]
[EventRounds "9"]
[EventCountry "MNE"]
[SourceTitle "CBM 139 Extra"]
[Source "ChessBase"]
[SourceDate "2011.01.05"]
[SourceVersion "1"]
[SourceVersionDate "2011.01.05"]
[SourceQuality "1"]

1. e4 c5 2. Nf3 d6 3. d4 cxd4 4. Qxd4 e5 5. Bb5+ Nc6 6. Qd3 Nf6 7. Nc3 h6 8. Be3 a6 9. Ba4 Be7 10. 0-0 0-0 11. Nd2 Be6 12. Bxc6 bxc6 13. Na4 Rb8 14. Nc4 Rb4 15. Ncb6 c5 16. Qxa6 Rxe4 17. Rad1 Qc7 18. c4 Rb8 19. Bd2 Bd8 20. Ba5 Qc6 21. Qa7 Bc7 22. Nd5 Bxd5 23. Qxc7 Ra8 24. b3 Qxc7 25. Bxc7 Bxc4 26. Nb6 Bxf1 27. Nxa8 Bb5 28. Bxd6 c4 29. Nc7 Bc6 30. bxc4 Re2 31. f3 e4 32. Nd5 exf3 33. gxf3 Nxd5 34. cxd5 Ba4 35. Rd3 Rxa2 36. Bg3 Bd7 37. Rd1 f6 38. Bf4 g5 39. Be3 Kf7 40. Rd2 Ra3 1/2-1/2

[Event "Podgorica op"]
[Site "Podgorica"]
[Date "2010.12.14"]
[Round "5"]
[White "Vujosevic, Milos"]
[Black "Rasovic, Uros"]
[Result "0-1"]
[WhiteElo "1937"]
[BlackElo "1959"]
[PlyCount "54"]
[EventDate "2010.12.11"]
[EventType "swiss"]
[EventRounds "9"]
[EventCountry "MNE"]
[SourceTitle "CBM 139 Extra"]
[Source "ChessBase"]
[SourceDate "2011.01.05"]
[SourceVersion "1"]
[SourceVersionDate "2011.01.05"]
[SourceQuality "1"]

1. e4 c5 2. Nf3 d6 3. Bb5+ Bd7 4. Bxd7+ Nxd7 5. 0-0 g6 6. c3 Bg7 7. d4 e6 8. Re1 Ne7 9. Bg5 h6 10. Be3 Qc7 11. Na3 a6 12. Rc1 Rd8 13. Nc4 b5 14. dxc5 Nxc5 15. Ncd2 Nd3 16. Qe2 Nxe1 17. Rxe1 0-0 18. Nd4 Nc6 19. f4 Nxd4 20. cxd4 f5 21. Qf3 Qc2 22. Qg3 Kh7 23. h4 fxe4 24. h5 Rf6 25. hxg6+ Rxg6 26. Qh4 Rg8 27. g4 Rxg4+ 0-1

[Event "Podgorica op"]
[Site "Podgorica"]
[Date "2010.12.13"]
[Round "4"]
[White "Rasovic, Uros"]
[Black "Radonjic, Milan"]
[Result "1-0"]
[WhiteElo "1959"]
[BlackElo "1657"]
[PlyCount "55"]
[EventDate "2010.12.11"]
[EventType "swiss"]
[EventRounds "9"]
[EventCountry "MNE"]
[SourceTitle "CBM 139 Extra"]
[Source "ChessBase"]
[SourceDate "2011.01.05"]
[SourceVersion "1"]
[SourceVersionDate "2011.01.05"]
[SourceQuality "1"]

1. e4 c5 2. Nf3 d6 3. d4 cxd4 4. Qxd4 Nc6 5. Bb5 Bd7 6. Qd3 Nf6 7. Nc3 a6 8. Ba4 g6 9. Bg5 Bg7 10. 0-0-0 0-0 11. Bb3 Na5 12. e5 Nxb3+ 13. axb3 Ng4 14. exd6 Nxf2 15. Qe2 Nxd1 16. Rxd1 Re8 17. dxe7 Qc8 18. Nd5 Qc6 19. Ne5 Qb5 20. c4 Qxb3 21. Nxd7 Rac8 22. N7b6 Rc6 23. Rd3 Rxc4+ 24. Kb1 Re4 25. Rxb3 Rxe2 26. Nd7 Kh8 27. Rxb7 Rxg2 28. N5f6 1-0

[Event "Podgorica op"]
[Site "Podgorica"]
[Date "2010.12.11"]
[Round "1"]
[White "Nikac, Predrag"]
[Black "Rasovic, Uros"]
[Result "1-0"]
[WhiteElo "2362"]
[BlackElo "1959"]
[PlyCount "79"]
[EventDate "2010.12.11"]
[EventType "swiss"]
[EventRounds "9"]
[EventCountry "MNE"]
[SourceTitle "CBM 139 Extra"]
[Source "ChessBase"]
[SourceDate "2011.01.05"]
[SourceVersion "1"]
[SourceVersionDate "2011.01.05"]
[SourceQuality "1"]

1. e4 c5 2. Nf3 d6 3. c3 Nf6 4. Be2 g6 5. 0-0 Bg7 6. Re1 0-0 7. Bf1 b6 8. d4 Bb7 9. d5 Na6 10. c4 e6 11. Nc3 exd5 12. exd5 Nc7 13. a4 a6 14. Qb3 b5 15. axb5 axb5 16. Rxa8 Qxa8 17. Nxb5 Nxb5 18. Qxb5 Rb8 19. Qb6 Bf8 20. Qc7 Rc8 21. Qb6 Rb8 22. Qb3 Bxd5 23. Qc3 Ne4 24. Qe3 Bc6 25. Qf4 Qb7 26. h4 d5 27. cxd5 Bxd5 28. h5 Bd6 29. Qe3 c4 30. hxg6 hxg6 31. Bxc4 Bc5 32. Bxd5 Bxe3 33. Bxb7 Bxf2+ 34. Kf1 Bxe1 35. Bxe4 Bg3 36. Ke2 Kf8 37. Bd5 f5 38. b3 Ke7 39. Kd3 Rd8 40. Bg5+ 1-0